banner-ar

منعطف الاشتراكية الكبير (هدية من الآديب عبدالفتاح الجمل) / (Record no. 40268)

MARC details
000 -الفاتح
حقل البيانات ثابتة الطول 00672nam a2200217Ia 4500
008 - عناصر البيانات ثابتة الطول - معلومات عامة
حقل البيانات ثابتة الطول 140319s9999 xx 000 0 ara d
040 ## - مصدر الفهرسة
وكالة الفهرسة الأصلية GCL /
وكالة النسخ GCL
082 04 - رقم تصنيف ديوى العشرى
رقم التصنيف 320.531
رقم المادة غ م
100 1# - المدخل الرئيسى - إسم شخصى
الإسم الشخصى غارودى، روجيه
245 10 - بيان العنوان
العنوان منعطف الاشتراكية الكبير (هدية من الآديب عبدالفتاح الجمل) /
بيان المسئوليه,etc غارودى، روجيه
700 1# - المدخل الاضافى - اسم شخصى
الإسم الشخصى الكاتب
700 1# - المدخل الاضافى - اسم شخصى
الإسم الشخصى اديب اللجمنى
700 1# - المدخل الاضافى - اسم شخصى
الإسم الشخصى كمال الغالى
300 ## - الوصف المادى
التعداد 271
490 ## - بيان السلسلة
عنوان السلسلة
650 04 - المدخل الاضافى بالموضوع-مصطلح موضوعى
مصطلح موضوعي الاشتراكية
650 04 - المدخل الاضافى بالموضوع-مصطلح موضوعى
مصطلح موضوعي النظم السياسية
650 04 - المدخل الاضافى بالموضوع-مصطلح موضوعى
مصطلح موضوعي المذاهب السياسية
942 ## - عناصر المدخل الإضافي( كوها)
مصدر التصنيف او مخطط الترفيف Dewey Decimal Classification
Koha [default] item type كتاب
Holdings
حالة التراجع حالة الفقد حالة تلف ليس للاعارة المكان المؤقت الموقع الحالى تاريخ الاكتساب اجمالي اﻻعارات رقم الطلب الباركود تاريخ اخر مشاهدة تاريخ تفعيل السعر نوع وعاء كوها
        مكتبة القاهرة الكبرى مكتبة القاهرة الكبرى 03/26/2014   320.531\غ م 97716 03/26/2014 03/26/2014 كتاب

Powered By

EGPV